| 000 | 00000nam##2200000za#4500 |
| 001 | 9.686023 |
| 003 | CaOODSP |
| 005 | 20210624230341 |
| 007 | cr ||||||||||| |
| 008 | 150407|1999||||xxc|||||o f|0| 0 eng|d |
| 020 | |a0-662-30068-8 |
| 040 | |aCaOODSP|beng |
| 043 | |an-cn--- |
| 086 | 1 |aE2-224/1999E-IN |
| 110 | 1 |aCanada.|bForeign Affairs and International Trade. |bCanadian Centre for Foreign Policy Development. |
| 245 | 10|aReport from the Roundtable on Burma, 27 May 1999 (Ottawa) |h[electronic resource] |
| 260 | |aOttawa - Ontario : |bForeign Affairs and International Trade. |c1999. |
| 300 | |a9p.|breferences |
| 590 | |a10-06-Supp|b2010-07-26 |
| 690 | 07|aEconomic sanctions|2gcpds |
| 690 | 07|aForeign policy|2gcpds |
| 776 | 0#|tRoundtable on Burma report |w(CaOODSP)9.648081 |
| 856 | 40|ahttp://publications.gc.ca|qPDF|s620 KB|uhttps://publications.gc.ca/collections/Collection/E2-224-1999E.pdf |
| 986 | |a5003.5E |